| 000 | 00360nam a22001577a 4500 | ||
|---|---|---|---|
| 003 | SGT | ||
| 020 | _a978-81-203-4749-6 | ||
| 082 |
_a670 _bJAI |
||
| 100 | _aJAIN,K.C | ||
| 245 | _aTEXT BOOK OF PRODUCTION ENGINEERING | ||
| 250 | _a2ND | ||
| 260 |
_aDELHI _bPHI LEARNING PVT.LTD _c2014 |
||
| 300 | _a884 | ||
| 650 | _aMECHANICAL ENGINEERING | ||
| 942 |
_2ddc _cBK |
||
| 999 |
_c14657 _d14657 |
||